| 000 | 01382nam a2200265 i 4500 | ||
|---|---|---|---|
| 001 | bg | ||
| 245 | 0 | 0 |
_aPostęp i bezpieczeństwo techniczne w technologii saletry amonowej i kwasu azotowego : _b[konferencja] Tarnów, 20-21 maja 1993 r. / _c[red. nauk. Andrzej Biskupski]. |
| 246 | 1 | 1 | _aProgress and technical safety in ammonium nitrate and nitric acid technology |
| 260 |
_aWrocław : _bWydaw. PW, _c1994. |
||
| 300 |
_a110, [2] s. : _bfot., rys., wykr. ; _c24 cm. |
||
| 490 | 1 |
_aPrace Naukowe Instytutu Technologii Nieorganicznej i Nawozów Mineralnych Politechniki Wrocławskiej. Konferencje = _aScientific Papers of the Institute of Inorganic Technology and Mineral Fertilizers of the Technical University of Wrocław. Conferences, _x0084-2893 ; _v21 |
|
| 500 | _aTyt. równol. : Progress and technical safety in ammonium nitrate and nitric acid technology. | ||
| 500 | _aNumeracja ser. gł. : 39. | ||
| 504 | _aBibliogr., summ. przy ref. | ||
| 650 | 9 |
_aKwas azotowy _xtechnologia |
|
| 650 | 9 |
_aSaletra _xtechnologia |
|
| 655 | _aMateriały konferencyjne | ||
| 700 | 1 |
_aBISKUPSKI, Andrzej. _eRed. |
|
| 830 | 0 |
_aPrace Naukowe Instytutu Technologii Nieorganicznej i Nawozów Mineralnych Politechniki Wrocławskiej. _pKonferencje ; _v21 |
|
| 040 | _cBPK | ||
| 041 | 0 |
_apl _ben |
|
| 080 | _a661.5:631.8](061.3) | ||
| 942 | _cKS | ||
| 008 | s pl f |000 0 pol | ||
| 999 |
_c30297 _d30297 |
||
| 856 |
_uhttp://koha.tu.koszalin.pl/cgi-bin/koha/opac-detail.pl?biblionumber=30297 _yKatalog online BPK |
||